Countries of the World Backwards - Statistics

General Stats
  • This quiz has been taken 26 times
  • The average score is 109 of 196
Answers on the Map
Answers color-coded by a green-red scale on the quiz's map according to % correct below.
 
Answer Stats
Country % Correct
Canada
88%
Russia
88%
Spain
88%
China
82%
Mexico
82%
Portugal
82%
Sweden
82%
United States
82%
Finland
76%
Iceland
76%
India
76%
Ireland
76%
Japan
76%
Norway
76%
United Kingdom
76%
Australia
71%
Brazil
71%
Denmark
71%
Central African Republic
71%
Italy
71%
Madagascar
71%
Mongolia
71%
North Korea
71%
Philippines
71%
South Korea
71%
Sri Lanka
71%
Uruguay
71%
Argentina
65%
Chad
65%
Chile
65%
Cuba
65%
Estonia
65%
Fiji
65%
France
65%
Germany
65%
Greece
65%
Indonesia
65%
Latvia
65%
Nepal
65%
New Zealand
65%
Oman
65%
Paraguay
65%
Qatar
65%
Taiwan
65%
Thailand
65%
United Arab Emirates
65%
Yemen
65%
Zambia
65%
Algeria
59%
Bangladesh
59%
Belgium
59%
Belize
59%
Benin
59%
Bhutan
59%
Burundi
59%
Cambodia
59%
Democratic Republic of the Congo
59%
Dominican Republic
59%
Egypt
59%
Gabon
59%
Guinea
59%
Hungary
59%
Iran
59%
Iraq
59%
Israel
59%
Jordan
59%
Kosovo
59%
Laos
59%
Liberia
59%
Libya
59%
Mali
59%
Malta
59%
Morocco
59%
Myanmar
59%
Niger
59%
Pakistan
59%
Peru
59%
Romania
59%
Saudi Arabia
59%
Sudan
59%
Switzerland
59%
Syria
59%
Togo
59%
Tunisia
59%
Turkey
59%
Vietnam
59%
Zimbabwe
59%
Afghanistan
53%
Albania
53%
Bahamas
53%
Belarus
53%
Bolivia
53%
Botswana
53%
Bulgaria
53%
Cameroon
53%
Colombia
53%
Cyprus
53%
Dominica
53%
Ecuador
53%
Ethiopia
53%
Gambia
53%
Guinea-Bissau
53%
Guyana
53%
Haiti
53%
Kazakhstan
53%
Kenya
53%
Kuwait
53%
Lesotho
53%
Malawi
53%
Malaysia
53%
Mauritania
53%
Moldova
53%
Monaco
53%
Namibia
53%
Netherlands
53%
Nicaragua
53%
Nigeria
53%
Panama
53%
Poland
53%
Republic of the Congo
53%
Rwanda
53%
Samoa
53%
Senegal
53%
Sierra Leone
53%
Slovakia
53%
Somalia
53%
South Africa
53%
South Sudan
53%
Suriname
53%
Uganda
53%
Ukraine
53%
Venezuela
53%
Angola
47%
Austria
47%
Bahrain
47%
Brunei
47%
Burkina Faso
47%
Cape Verde
47%
Costa Rica
47%
Croatia
47%
Czech Republic
47%
São Tomé and Príncipe
47%
Djibouti
47%
El Salvador
47%
Equatorial Guinea
47%
Eritrea
47%
Eswatini
47%
Georgia
47%
Ghana
47%
Guatemala
47%
Honduras
47%
Ivory Coast
47%
Jamaica
47%
Lebanon
47%
Luxembourg
47%
Maldives
47%
Montenegro
47%
Mozambique
47%
Nauru
47%
North Macedonia
47%
Palau
47%
Papua New Guinea
47%
Serbia
47%
Slovenia
47%
Tanzania
47%
Tonga
47%
Turkmenistan
47%
Uzbekistan
47%
Andorra
41%
Antigua and Barbuda
41%
Armenia
41%
Azerbaijan
41%
Barbados
41%
Bosnia and Herzegovina
41%
Comoros
41%
Federated States of Micronesia
41%
Grenada
41%
Kyrgyzstan
41%
Liechtenstein
41%
Lithuania
41%
Marshall Islands
41%
Mauritius
41%
Saint Kitts and Nevis
41%
Saint Lucia
41%
Saint Vincent and the Grenadines
41%
San Marino
41%
Seychelles
41%
Singapore
41%
Solomon Islands
41%
Tajikistan
41%
Trinidad and Tobago
41%
Vanuatu
41%
Vatican City
41%
East Timor
35%
Kiribati
35%
Tuvalu
35%
No matching quizzes found
Score Distribution
Percent of People with Each Score
Percentile by Number Answered
Your Score History
You have not taken this quiz